| 000 | 01234cad a22002295a 4500 | ||
|---|---|---|---|
| 001 | L145775 | ||
| 008 | 081106s2008 xxkad f s 000 0 eng d | ||
| 035 | _a(Sirsi) u145775 | ||
| 041 | 0 | _aeng | |
| 050 | 0 | 4 | _a332.642 $2 18 |
| 100 | 1 | _aPatel, Jaimala | |
| 245 | 0 | 0 |
_aInfrastructure goes global _h[electronic resource] |
| 260 |
_aLondon _bRREEF _c2008 |
||
| 520 | _aDiscusses the main investment vehicles and strategies for infrastructure and comments on the globalisation of infrastructure investments. Provides a framework for a global allocation to infrastructure investments. After providing three market neutral allocations based on various size measures, presents three representative sample portfolios that could match the risk/return profile of individual investors. Concludes that mature infrastructure investments are an attractive investment. | ||
| 590 | _aKA | ||
| 651 | 4 | _aInternational | |
| 690 | _aPROPERTY-COMMERCIAL PROPERTY-COMMERCIAL PROPERTY MARKET | ||
| 690 | _aPROPERTY-COMMERCIAL PROPERTY-COMMERCIAL PROPERTY FINANCE AND INVESTMENT | ||
| 700 | 1 | _aMansour, Asieh | |
| 856 | 4 | 0 |
_uhttps://www.rreef.com/cps/rde/xchg/ai_en/hs.xsl/3097.html _zView the report free of charge at www.rreef.com.... |
| 942 | _n0 | ||
| 999 |
_c108914 _d108914 |
||